| 000 | 01320nam a22002777a 4500 | ||
|---|---|---|---|
| 999 |
_c147197 _d147197 |
||
| 005 | 20190802101317.0 | ||
| 010 | _aB-680713 B-728289 B-728447 | ||
| 020 |
_c285.00 _a9789351768449 |
||
| 035 | _aB-680713 | ||
| 035 | _aB-728289 | ||
| 035 | _aB-728447 | ||
| 037 |
_aDPL _bPansy Books |
||
| 037 | _bAksharesh Enterprises | ||
| 037 | _bRK Books | ||
| 082 | _a480 | ||
| 100 | _aBakshi,S. P. | ||
| 245 |
_aObjective general English for all competitive exams / _cby S. P. Bakshi |
||
| 260 |
_aNew Delhi _bArihant Publications _c(201?) |
||
| 270 |
_a4577/15, Agarwal Road, Darya Ganj _bNew Delhi _e110002 |
||
| 300 |
_a776p. _c24cm(pbk) |
||
| 500 | _aBank (PO & Clerk), NDA, CDS, SSC (CGL, MTS, LDC), MBA, Hotel Management, MCA, UPSC, B.Ed, Exams | ||
| 942 |
_2ddc _cEN _mBAK _h480 |
||